000 01059nam a2200265 a 4500
001 000007997
005 20200929154402.0
008 090914s1986 dr 000 0 spa d
040 _aDO-SdBNP
_bspa
_cBNPHU
082 _a621.3
_bB622c
100 1 _aBisonó Pérez, Emilio
_d1946-
_921861
245 1 3 _aEl campo de la ingeniería electromecánica /
_cEmilio Bisonó Pérez.
260 _aSanto Domingo :
_bUniversitaria,
_c1986.
300 _a435 p. ;
_c21 cm.
490 1 _aCiencia y tecnología;
_v22
490 1 _aPublicaciones de la Universidad Autónoma de Santo Domingo ;
_v521
500 _aIncluye datos biográficos del autor en la contracubierta
590 _aLa biblioteca posee 1 ejemplar autografiado por el autor
504 _aBibliografía : p. 427-429
590 _aInventariado,2018/DG
650 4 _aIngeniería eléctrica
_921862
650 4 _aIngeniería mecánica
_921863
830 0 _aCiencia y tecnología;
_v22
_pPublicaciones de la Universidad Autónoma de Santo Domingo ;
_n521
_921864
910 _aValidado. Control de calidad MFF
999 _c7774
_d7774